Problemas de la economía mundial (Registro nro. 5970)

Detalles MARC
000 -LEADER
fixed length control field 01261 a2200217 4500
001 - CONTROL NUMBER
control field 55626
005 - DATE AND TIME OF LATEST TRANSACTION
control field 20260407155829.0
008 - FIXED-LENGTH DATA ELEMENTS--GENERAL INFORMATION
fixed length control field 260407a1969 arg spa d
003 - CONTROL NUMBER IDENTIFIER
control field AR-UNSa-BCEJYS
040 ## - CATALOGING SOURCE
Original cataloging agency AR-UNSa-BCEJYS
Language of cataloging spa
Transcribing agency AR-UNSa-BCEJYS
080 ## - UNIVERSAL DECIMAL CLASSIFICATION NUMBER
Universal Decimal Classification number 339.9
Common auxiliary subdivision Economía internacional en general. Relaciones económicas internacionales. Economía mundial
041 ## - LANGUAGE CODE
Language code of text/sound track or separate title spa
100 1# - MAIN ENTRY--PERSONAL NAME
Personal name Bailey, Richard
245 10 - TITLE STATEMENT
Title Problemas de la economía mundial
264 #1 - PRODUCTION, PUBLICATION, DISTRIBUTION, MANUFACTURE, AND COPYRIGHT NOTICE
Place of production, publication, distribution, manufacture Barcelona :
Name of producer, publisher, distributor, manufacturer Labor
Date of production, publication, distribution, manufacture, or copyright notice 1969
300 ## - PHYSICAL DESCRIPTION
Extent 185 p.
Dimensions 19 cm.
505 ## - FORMATTED CONTENTS NOTE
Formatted contents note 1. Población y recursos humanos - 2. Los productos alimenticios y los excedentes agrícolas en Occidente - 3. Los minerales en el futuro – 4. La energía en la década de 1970 – 5. La industrialización manufacturera: un nuevo modelo en Occidente 7 – 8. Agrupaciones regionales – 9. La planificación económica en Gran Bretaña – 10. La planificación económica en Europa Occidental – 11. Las economías de planificación central – 12. Planificación y recursos en los países de vías de desarrollo – 13. La Commonwealth: ¿evolución o decadencia? - 14. Conclusión: el contexto del futuro.
590 ## - LOCAL NOTE (RLIN)
Local note niveau_biblio:m niveau_hierar:0
700 1# - ADDED ENTRY--PERSONAL NAME
Personal name Martínez Pujana, Ana
942 ## - ADDED ENTRY ELEMENTS (KOHA)
Koha item type
Existencias
Withdrawn status Lost status Damaged status Not for loan Home library Current library Shelving location Date acquired Total checkouts Full call number Barcode Date last seen Price effective from Koha item type
        Biblioteca Prof. Eusebio Cleto del Rey Biblioteca Prof. Eusebio Cleto del Rey   07/04/2026   339.9 B154 L23557 07/04/2026 07/04/2026 Libro